000 00718nam a2200289Ia 4500
005 20260324134229.0
008 008 260324s9999 xx 000 0 eng d
020 _a9780203044841
037 _aEBOOK
040 _aCRL
040 _beng
040 _cCRL
041 _2eng
041 _aeng
084 _qCRL
100 _aMikhail Monakov; Jurgen Rohwer
_91196055
245 0 _aStalin's Ocean-going Fleet
245 0 _bSoviet Naval Strategy and Shipbuilding Programs, 1935-53
260 _bTaylor and Francis
260 _c2002
365 _a
365 _b290
856 _uhttp://www.taylorfrancis.com/books/9780203044841
942 _cEBOOK
999 _c1795898
_d1795898